Discographie de Meghan Trainor - Statistiques

Statistiques générales
  • Ce quiz a été pris 11 fois
  • Le résultat moyen est 10 sur 99
Statistiques - réponses
Hint Réponse % Correct
title All About that Bass
86%
thank deluxe Thank You
86%
thank you No
57%
title Title
57%
treat deluxe Treat Myself
57%
ill sing with you I'll Sing with You
43%
title Dear Future Husband
29%
the love train Good Mornin'
29%
title Lips Are Movin
29%
thank you Me Too
29%
treat myself Nice to Meet Ya
29%
treat myself No Excuses
29%
title 3am
14%
treat myself After You
14%
the love train After You
14%
treat deluxe All the Ways
14%
the love train All the Ways
14%
treat myself Another Opinion
14%
treat myself Ashes
14%
treat myself Babygirl
14%
title Bang Dem Sticks
14%
thank you Better
14%
treat myself Blink
14%
thank you Champagne Problems
14%
title Close Your Eyes
14%
title deluxe Credit
14%
treat myself Evil Twin
14%
the love train Foolish
14%
thank deluxe Friends
14%
treat myself Funk
14%
thank special Goosebumps
14%
treat myself Have You Now
14%
treat myself Here to Stay
14%
thank you Hopeless Romantic
14%
thank you I Love Me
14%
the love train I'm Down
14%
treat myself Lie to Me
14%
title Like I'm Gonna Lose You
14%
the love train Marry Me
14%
title deluxe My Selfish Heart
14%
thank special Throwback Love
14%
thank you Watch Me Do
14%
treat myself Wave
14%
title What If I
14%
thank you Woman Up
14%
ill sing with you Back to My Home
0%
only 17 Broken Puzzle
0%
only 17 Cupid
0%
meghan trainor Dad
0%
thank you Dance Like Yo Daddy
0%
meghan trainor Don't Fall Tonight
0%
meghan trainor Don't Let Me Down
0%
meghan trainor Falling
0%
ill sing with you Free to Fly
0%
treat myself Genetics
0%
title special Good to Be Alive
0%
meghan trainor Hey Mr.
0%
ill sing with you Hold on to the Ones You Love
0%
title special I'll Be Home
0%
meghan trainor I'll Wake Up for You
0%
thank you I Won't Let You Down
0%
thank you Just a Friend to You
0%
thank you Kindly Calm Me Down
0%
meghan trainor Learning to Say I Love You
0%
only 17 Leave a Kiss
0%
meghan trainor Locked in Love
0%
ill sing with you Love, Love, Love
0%
only 17 Love Me More
0%
thank deluxe Mom
0%
title deluxe Mr. Almost
0%
only 17 Never Ever
0%
title deluxe No Good For You
0%
meghan trainor No Matter What You Do
0%
meghan trainor One Chance
0%
ill sing with you Out the Door
0%
meghan trainor Overdrive
0%
only 17 Pick Me Up
0%
meghan trainor Quite the Adventure
0%
ill sing with you Remember
0%
meghan trainor See You Smile
0%
only 17 Shoowap Shoowah
0%
meghan trainor Simple Love
0%
only 17 Single
0%
only 17 Something to Believe In
0%
ill sing with you Sweetie, Sweetie Pie
0%
sing deluxe Take Care of Our Soldiers
0%
meghan trainor Take These Tears
0%
title The Best Part
0%
only 17 This Love
0%
only 17 Tumble
0%
title Walkashame
0%
meghan trainor Want Me to Say
0%
meghan trainor Waterfalls
0%
only 17 When Did You Fall?
0%
ill sing with you Whisper
0%
ill sing with you Why'd You Have to Go?
0%
only 17 Window
0%
treat myself Workin on It
0%
meghan trainor You Got the Best of Me
0%
Aucun quiz correspondant
Distribution des résultats
% des personnes avec chaque résultat
Percentile par nombre de réponses
Votre historique - résultats
Vous n’avez pas pris ce quiz